000 00507nam a2200193Ia 4500
001 3277
003 GE_BSU
008 181216s||||||||xx |||||||||||||| ||und||
040 _cGE_BSU
080 _a66
100 _aЭльтеман,В.М
245 _aОхрана воздушной среды на химических и нефтехимических предприятиях
260 _aМ
260 _bХимия
260 _c1985
300 _a160 стр.
300 _c21см.
942 _cBK
999 _c37318
_d37318